00579nam a2200169Ia 4500003000900000008004100009020001800050040001600068080001600084100001800100245015100118250001200269260003800281300001600319650004600335650002800381IN-BaIIA211028s9999 xx 000 0 eng d a0-471-49654-5 cIIA Library a629.19bMAR aMaral, Gerard 0aSatellite communications systemsbsystems,techniques and technologycGerard Maral and Michel Bousquet  a4th ed. aNew YorkbJohn Wiley & Sonsc2002 axxii, 757p. aArtificial satellite in telecommunication aSatellite communication